000 01125cab a2200301 4500
001 ABS50123
008 090401t1994 xxu||||| |||| 00| 0 eng d
035 _a(Sirsi) u74289
041 _aeng
245 _aThomas and another v Countryside Council for Wales
260 _c1994
350 _a0
490 _aEstates Gazette
_v(1994) 04 EG 138-142(5)
520 _aQBD 23 July 1993. The appeal against the arbitrator`s test for compensation following the designation of part of a farm as a site of special scientific interest was successful. The wrong test was applied; according to DoE Circular 4/83 para 16 the question of loss is a matter of causation.
650 _aMANAGEMENT-DISPUTE AVOIDANCE, MANAGEMENT AND RESOLUTION-DISPUTE MANAGEMENT AND RESOLUTION-ARBITRATION
650 _aBOTHY
650 _aCAPITAL LOSSES
650 _aCAUSATION
650 _aCOMPENSATION
650 _aCORRECT TEST
650 _aDIMINUTION IN VALUE
650 _aLOSS
650 _aSHEEP FARM
650 _aSITES OF SPECIAL SCIENTIFIC INTEREST
690 _aCONSERVATION-CASE LAW
942 _n0
948 _c04/03/1997
999 _c46894
_d46894